Capital to Country Click Quiz #7 - Statistics

General Stats
  • This quiz has been taken 131 times
  • The average score is 16 of 20
Answer Stats
Hint Answer % Correct
Cairo Egypt
97%
Panama City Panama
97%
Kabul Afghanistan
95%
Warsaw Poland
95%
Sarajevo Bosnia and Herzegovina
94%
Riga Latvia
93%
Asuncion Paraguay
90%
Ulaanbaatar Mongolia
88%
Port-of-Spain Trinidad and Tobago
88%
Brazzaville Republic of the Congo
80%
Baku Azerbaijan
79%
Vientiane Laos
78%
Funafuti Tuvalu
75%
Kampala Uganda
72%
Dushanbe Tajikistan
71%
Port Louis Mauritius
70%
Bamako Mali
69%
Tashkent Uzbekistan
69%
Juba South Sudan
66%
Gitega Burundi
60%
No matching quizzes found
Score Distribution
Percent of People with Each Score
Percentile by Number Answered
Your Score History
You have not taken this quiz